000 00535nam a2200181 i 4500
001 37133
003 ES-MaACL
007 t|
008 030220s1979 sp ||||1| spa d
020 _a84-234-0464-1
100 1 _aBurbidge, John L.
_932576
245 1 3 _aEl control de producción /
_cJohn L. Burbidge ; traducción, Rafael Jiménez Larrea.
260 _aBilbao :
_bDeusto,
_c[1979]
300 _aXIV, 525 p. ;
_c23 cm.
500 _aIndices.
700 1 _aJiménez Larrea, Rafael.
_966546
852 _aES-MaACL
_jL-9618
_bR.111632
999 _c37133
_d37133